| 000 | 00539nam a22001577a 4500 | ||
|---|---|---|---|
| 003 | NUST | ||
| 038 | _aNusrat Nadeem | ||
| 082 | _a200 | ||
| 100 |
_aAlishbah Zaka, _9133423 |
||
| 245 |
_aSynthesis and Characterization of Ceramic Materials for Gas Storage and Electrochemical Applications/ _cZaka, Alishbah |
||
| 264 |
_aIslamabad: _bSNS NUST _c2025. |
||
| 650 |
_aPhD-Chemistry _9123166 |
||
| 700 |
_aSupervisor: Dr. Muhammad Adil Mansoor _9133424 |
||
| 856 | _uhttp://10.250.8.41:8080/xmlui/handle/123456789/57050 | ||
| 942 |
_2ddc _cSC |
||
| 999 |
_c616373 _d616373 |
||